000 00775nam a2200205Ia 4500
001 15601
003 GE_BSU
008 181216s||||||||xx |||||||||||||| ||und||
040 _cGE_BSU
100 _aგამზათოვი, რასულ
245 _aჩემი დაღესტანი
245 _cრუს. თარგმნეს თ. ჩიჯავაძემ და შ. ნიშნიანიძემ.რედ. ნ. ლორთქიფანიძე. მხატვ.ო.ჯიშკარიანი
250 _a1-ლი გამოც
260 _aთბილისი
260 _bნაკადული
260 _c1972
300 _a285გვ.17სმ.
653 _aჩემი დაღესტანი
942 _cBK
999 _c48701
_d48701